[Event "COL-ch"]
[Site "El Bagre"]
[Date "2010.06.25"]
[Round "1"]
[White "Arenas Vanegas, David"]
[Black "Garcia, Gildardo"]
[Result "1-0"]
[WhiteElo "2313"]
[BlackElo "2389"]
[PlyCount "115"]
[EventDate "2010.06.25"]
[EventType "tourn"]
[EventRounds "11"]
[EventCountry "COL"]
[EventCategory "5"]
[SourceTitle "CBM 137 Extra"]
[Source "ChessBase"]
[SourceDate "2010.09.01"]
[SourceVersion "1"]
[SourceVersionDate "2010.09.01"]
[SourceQuality "1"]

1. e4 e5 2. Nf3 Nc6 3. Bb5 a6 4. Ba4 Nf6 5. 0-0 b5 6. Bb3 Bb7 7. Re1 Bc5 8. c3 d6 9. d4 Bb6 10. Be3 0-0 11. Nbd2 Re8 12. d5 Ne7 13. Bxb6 cxb6 14. a4 bxa4 15. Bxa4 Rf8 16. Bc2 Bc8 17. Bd3 Nh5 18. g3 g6 19. Nc4 b5 20. Ne3 Rb8 21. Nd2 Qb6 22. Qe2 f5 23. exf5 Nxf5 24. Bxf5 Bxf5 25. Nxf5 Rxf5 26. Qe3 Nf6 27. Qxb6 Rxb6 28. Ne4 Nxe4 29. Rxe4 Rf3 30. Re3 Rf7 31. b4 Ra7 32. Ra5 Rb8 33. Kf1 Rc8 34. Ke2 Kf7 35. Kd3 Rc4 36. Re2 Kf6 37. f3 g5 38. Rea2 g4 39. Rxa6 Rxa6 40. Rxa6 gxf3 41. Rxd6+ Kf5 42. Rd8 e4+ 43. Kd2 Ke5 44. d6 Kd5 45. d7 Rc7 46. g4 Ra7 47. Ke3 Rc7 48. Re8 Rxd7 49. Rxe4 Rf7 50. Rd4+ Ke5 51. Kf2 h5 52. gxh5 Rc7 53. h6 Rxc3 54. h7 Rc2+ 55. Kg3 Rg2+ 56. Kh3 Kxd4 57. h8Q+ Kc4 58. Qf8 1-0